[Event "Mallorca-ch School U12"]
[Site "Mallorca"]
[Date "2018.02.23"]
[Round "4.2"]
[White "Sureda Gonzalez, Miquel"]
[Black "Trave de Gonzalo, Guiem"]
[Result "0-1"]
[WhiteElo "1470"]
[BlackElo "1388"]
[PlyCount "90"]
[EventDate "2018.02.02"]
[EventType "swiss"]
[EventRounds "7"]
[EventCountry "ESP"]
[SourceTitle "EXT 2024"]
[Source "ChessBase"]
[SourceDate "2023.10.10"]
[SourceVersion "1"]
[SourceVersionDate "2023.10.10"]
[SourceQuality "1"]

1. e4 d5 2. exd5 Qxd5 3. Nc3 Qa5 4. d4 c6 5. Nf3 Bg4 6. h3 Bxf3 7. Qxf3 Nf6 8. Bd3 e6 9. Bd2 Qd8 10. 0-0 Qxd4 11. Be3 Qd8 12. Rad1 Nbd7 13. Ne4 Be7 14. Qg3 Nxe4 15. Bxe4 Bf6 16. b3 0-0 17. f4 g6 18. Qf3 Qe7 19. g4 Rfe8 20. g5 Bg7 21. h4 Nb6 22. h5 Nd5 23. hxg6 fxg6 24. Bd2 Qc7 25. Qh3 Rf8 26. Qxe6+ Qf7 27. Bxd5 cxd5 28. Qxf7+ Rxf7 29. Be3 Rd7 30. Rf2 Bc3 31. Rf3 a6 32. Bb6 Rc8 33. Rfd3 Rc6 34. Be3 d4 35. Bd2 Bb2 36. c3 Rcd6 37. c4 Kf7 38. Bb4 Rb6 39. Be1 Ke6 40. Kg2 Kf5 41. Kf3 Rbd6 42. Bb4 Rb6 43. Bc5 Rc6 44. Bxd4 Rcd6 45. Ke3 Rxd4 0-1

[Event "Santa Margalida Mallorca-ch"]
[Site "Santa Margalida"]
[Date "2016.11.25"]
[Round "5"]
[White "Trave de Gonzalo, Guiem"]
[Black "Diez Cabeza, Vicente"]
[Result "0-1"]
[WhiteElo "1377"]
[BlackElo "1634"]
[PlyCount "64"]
[EventDate "2016.11.11"]
[EventType "swiss"]
[EventRounds "8"]
[EventCountry "ESP"]
[SourceTitle "EXT 2018"]
[Source "ChessBase"]
[SourceDate "2017.10.13"]
[SourceVersion "1"]
[SourceVersionDate "2017.10.13"]
[SourceQuality "1"]

1. e4 d5 2. d4 dxe4 3. Nc3 Bf5 4. f3 Nf6 5. Bg5 exf3 6. Nxf3 Nc6 7. Bb5 Bd7 8. Qe2 a6 9. Ba4 b5 10. Bb3 h6 11. Bxf6 gxf6 12. Ne4 e6 13. 0-0-0 Na5 14. d5 Nxb3+ 15. cxb3 e5 16. Qd3 Rc8 17. Kb1 Bf5 18. Nd6+ Bxd6 19. Qxf5 Be7 20. Rhe1 Rg8 21. g3 Qd7 22. Qh7 Qg4 23. Qe4 Qxe4+ 24. Rxe4 Kd7 25. a3 c6 26. dxc6+ Kxc6 27. b4 Rgd8 28. Rxd8 Rxd8 29. Rh4 Rd3 30. Nxe5+ fxe5 31. Rxh6+ f6 32. Rh7 Kd6 0-1

[Event "Santa Margalida Mallorca-ch"]
[Site "Santa Margalida"]
[Date "2016.11.11"]
[Round "1"]
[White "Trave de Gonzalo, Guiem"]
[Black "Ruiz Vinals, Matias"]
[Result "0-1"]
[WhiteElo "1377"]
[BlackElo "1963"]
[PlyCount "52"]
[EventDate "2016.11.11"]
[EventType "swiss"]
[EventRounds "8"]
[EventCountry "ESP"]
[SourceTitle "EXT 2018"]
[Source "ChessBase"]
[SourceDate "2017.10.13"]
[SourceVersion "1"]
[SourceVersionDate "2017.10.13"]
[SourceQuality "1"]

1. e4 c5 2. Nc3 g6 3. f4 Bg7 4. Nf3 e6 5. Bc4 Ne7 6. d3 0-0 7. 0-0 Nbc6 8. Qe1 a6 9. Qh4 b5 10. Bb3 d5 11. a3 Nd4 12. Be3 Nxf3+ 13. Rxf3 d4 14. Bf2 dxc3 15. Bxc5 Nc6 16. Qe1 cxb2 17. Rb1 Bd4+ 18. Bxd4 Nxd4 19. Rh3 Nxb3 20. cxb3 Qd4+ 21. Kh1 Bb7 22. Qh4 Qg7 23. f5 Rac8 24. Rf1 Rc1 25. Re1 b1Q 26. Rhe3 exf5 0-1

[Event "Campos Migjorn op"]
[Site "Campos"]
[Date "2016.09.30"]
[Round "7"]
[White "Trave de Gonzalo, Guiem"]
[Black "Amengual Perello, Jordi"]
[Result "0-1"]
[WhiteElo "1363"]
[BlackElo "1393"]
[PlyCount "72"]
[EventDate "2016.09.09"]
[EventType "swiss"]
[EventRounds "8"]
[EventCountry "ESP"]
[SourceTitle "EXT 2017"]
[Source "ChessBase"]
[SourceDate "2016.10.25"]
[SourceVersion "1"]
[SourceVersionDate "2016.10.25"]
[SourceQuality "1"]

1. e4 e6 2. d4 d5 3. exd5 exd5 4. Nf3 Nf6 5. Ne5 Bd6 6. Nc3 Nbd7 7. f4 0-0 8. Be2 c6 9. 0-0 Ne8 10. Bd3 f6 11. Qh5 f5 12. Rf3 Nef6 13. Qh3 Ne4 14. Be2 Rf6 15. Nxe4 dxe4 16. Bc4+ Kh8 17. Re3 Nxe5 18. dxe5 Rh6 19. Qg3 Bc5 20. Qe1 Be6 21. Bxe6 Rxe6 22. Bd2 Kg8 23. Rd1 Qe7 24. Kh1 Bxe3 25. Bxe3 Rd8 26. Bxa7 Rxd1 27. Qxd1 Qh4 28. g3 Qe7 29. Bb6 Qe8 30. Qd4 Re7 31. Bc5 Rd7 32. Qc4+ Rd5 33. Bd6 Kh8 34. Qb3 Qh5 35. Qe3 Qd1+ 36. Qg1 Qf3+ 0-1

[Event "Campos Migjorn op"]
[Site "Campos"]
[Date "2016.09.10"]
[Round "2"]
[White "Trave de Gonzalo, Guiem"]
[Black "Artigues, Sebastian"]
[Result "0-1"]
[WhiteElo "1363"]
[BlackElo "1753"]
[PlyCount "110"]
[EventDate "2016.09.09"]
[EventType "swiss"]
[EventRounds "8"]
[EventCountry "ESP"]
[SourceTitle "EXT 2017"]
[Source "ChessBase"]
[SourceDate "2016.10.25"]
[SourceVersion "1"]
[SourceVersionDate "2016.10.25"]
[SourceQuality "1"]

1. e4 e5 2. Nc3 Nf6 3. Nf3 Nc6 4. Be2 a6 5. 0-0 Be7 6. d3 h6 7. h3 d6 8. Nd2 Be6 9. f4 Nd4 10. Nf3 Nxe2+ 11. Qxe2 exf4 12. Bxf4 Qd7 13. Be3 g5 14. d4 g4 15. d5 gxf3 16. dxe6 fxe6 17. Rxf3 e5 18. Nd5 Nxd5 19. exd5 0-0-0 20. b3 Rdf8 21. Raf1 Rxf3 22. Rxf3 Bg5 23. c4 Bxe3+ 24. Qxe3 b6 25. Rf6 Qg7 26. Qf3 e4 27. Qf5+ Kb7 28. Qg6 Qxg6 29. Rxg6 Re8 30. Re6 Rxe6 31. dxe6 Kc8 32. Kf2 Kd8 33. Ke3 Ke7 34. Kxe4 Kxe6 35. g4 c6 36. h4 Kf6 37. b4 b5 38. cxb5 axb5 39. Kf4 c5 40. g5+ hxg5+ 41. hxg5+ Kg6 42. bxc5 dxc5 43. Ke4 c4 44. Kd4 Kxg5 45. Kc3 Kf5 46. Kd4 Kf4 47. Kc3 Ke3 48. a3 Ke4 49. Kc2 Kd4 50. Kd2 c3+ 51. Kc2 Kc4 52. Kc1 Kd3 53. Kd1 c2+ 54. Kc1 Kc3 55. a4 b4 0-1

[Event "Balears-ch U10"]
[Site "Mallorca"]
[Date "2016.05.21"]
[Round "5.4"]
[White "Moll Gener, Joan"]
[Black "Trave de Gonzalo, Guiem"]
[Result "1/2-1/2"]
[WhiteElo "1446"]
[BlackElo "1353"]
[PlyCount "86"]
[EventDate "2016.05.20"]
[EventType "tourn"]
[EventRounds "7"]
[EventCountry "ESP"]
[SourceTitle "EXT 2024"]
[Source "ChessBase"]
[SourceDate "2023.10.10"]
[SourceVersion "1"]
[SourceVersionDate "2023.10.10"]
[SourceQuality "1"]

1. e4 e5 2. Nf3 Nf6 3. Bc4 Nc6 4. Nc3 Nxe4 5. Nxe4 d5 6. Bb5 dxe4 7. Nxe5 Qd5 8. Bxc6+ bxc6 9. Ng4 Bc5 10. 0-0 0-0 11. Ne3 Qg5 12. d4 exd3 13. Qxd3 Bh3 14. Ng4 Qxg4 15. Qxh3 Qxh3 16. gxh3 Rfe8 17. Bd2 Rab8 18. Bc3 Re2 19. Rac1 Rbe8 20. a4 R8e4 21. a5 Rf4 22. Be1 Kf8 23. b3 Ke7 24. c3 Rfe4 25. b4 Bd6 26. c4 Bf4 27. f3 Bxh2+ 28. Kh1 Re5 29. Rf2 Rxf2 30. Bxf2 Bf4 31. Re1 Rxe1+ 32. Bxe1 Kd6 33. Bf2 a6 34. Bc5+ Kd7 35. Bd4 g6 36. Bc3 Be3 37. Kg2 Ba7 38. Kg3 Be3 39. Kg4 f5+ 40. Kg3 g5 41. Be1 Ke6 42. Bc3 h5 43. h4 g4 1/2-1/2

[Event "Palma Bellon Memorial U12"]
[Site "Palma"]
[Date "2016.04.30"]
[Round "5.2"]
[White "Trave de Gonzalo, Guiem"]
[Black "Trobat Ribas, Joan"]
[Result "1-0"]
[WhiteElo "1376"]
[BlackElo "1234"]
[PlyCount "49"]
[EventDate "2016.04.29"]
[EventType "swiss"]
[EventRounds "6"]
[EventCountry "ESP"]
[SourceTitle "EXT 2024"]
[Source "ChessBase"]
[SourceDate "2023.10.10"]
[SourceVersion "1"]
[SourceVersionDate "2023.10.10"]
[SourceQuality "1"]

1. e4 e5 2. Nf3 Nc6 3. Nc3 Nf6 4. Be2 Bb4 5. d3 0-0 6. Bg5 h6 7. Bh4 d6 8. 0-0 Bg4 9. Nd5 Bxf3 10. Nxf6+ gxf6 11. Bxf3 Nd4 12. Bh5 c6 13. c3 Bxc3 14. bxc3 Ne6 15. Qg4+ Kh7 16. Qf5+ Kg7 17. Qg4+ Kh7 18. Bxf7 Rxf7 19. Qxe6 Qg8 20. Qf5+ Kh8 21. Bxf6+ Rxf6 22. Qxf6+ Kh7 23. f4 Rf8 24. Qxd6 Qg7 25. Qxe5 1-0

[Event "Calvia Amateur op 12th"]
[Site "Calvia"]
[Date "2015.10.18"]
[Round "9"]
[White "Trave de Gonzalo, Guiem"]
[Black "Steinschuld, Jo"]
[Result "0-1"]
[WhiteElo "1534"]
[BlackElo "1591"]
[PlyCount "50"]
[EventDate "2015.10.10"]
[EventType "swiss"]
[EventRounds "9"]
[EventCountry "ESP"]
[SourceTitle "EXT 2019"]
[Source "ChessBase"]
[SourceDate "2018.10.10"]
[SourceVersion "1"]
[SourceVersionDate "2018.10.10"]
[SourceQuality "1"]

1. e4 e5 2. Nf3 Nc6 3. Nc3 Nf6 4. Be2 Bc5 5. Nxe5 Nxe5 6. d4 Bd6 7. dxe5 Bxe5 8. 0-0 h6 9. f4 Bxc3 10. e5 Ba5 11. exf6 Qxf6 12. c3 0-0 13. Be3 Bb6 14. Bxb6 Qxb6+ 15. Kh1 Qxb2 16. Qd3 d6 17. h3 Bd7 18. Rf3 Qxa1+ 19. Kh2 Rae8 20. Rg3 Qe1 21. Qd4 f6 22. Bc4+ Kh8 23. Qd3 Qe4 24. Qd1 Qxc4 25. Qh5 Qf7 0-1